Equipes dos jogadores brasileiros convocados para a Copa de 2018 - Statistics

Estatísticas Gerais
  • Esse quiz foi jogado 666 vezes
  • A pontuação média é 21 de 23
Estatísticas das Respostas
Jogador Posição Equipe % Correto
Marquinhos Zagueiro Paris Saint-Germain
100%
Thiago Silva Zagueiro Paris Saint-Germain
100%
Neymar Atacante Paris Saint-Germain
100%
Marcelo Lateral Real Madrid
100%
Casemiro Meia Real Madrid
100%
Roberto Firmino Atacante Liverpool
99%
Ederson Goleiro Manchester City
99%
Danilo Lateral Manchester City
99%
Fernandinho Meia Manchester City
99%
Gabriel Jesus Atacante Manchester City
99%
Cássio Goleiro Corinthians
98%
Fagner Lateral Corinthians
98%
Paulinho Meia Barcelona
97%
Philippe Coutinho Meia Barcelona
97%
Pedro Geromel Zagueiro Grêmio
97%
Filipe Luís Lateral Atlético de Madrid
96%
Willian Meia Chelsea
96%
Alisson Goleiro Roma
93%
Douglas Costa Atacante Juventus
89%
Miranda Zagueiro Internazionale
80%
Fred Meia Shakhtar Donetsk
67%
Taison Atacante Shakhtar Donetsk
67%
Renato Augusto Meia Beijing Guoan
48%
Nenhum quiz correspondente encontrado
Distribuição das Pontuações
Porcentagem de Pessoas com Cada Pontuação
Percentil de Números Respondidos
Sua Pontuação Histórica
Você não jogou esse quiz